Który krewny jest z reguły starszy niż Ty? - Statystyki

Ogólne statystyki
  • Ten quiz został rozwiązany 96 razy
  • Średni wynik to 6 z 8
Statystyki odpowiedzi
Hint Odpowiedź % Poprawnych
4. Dziadek
98%
8. Tata
98%
1. Wujek
98%
3. Babcia
97%
2. Ciocia
96%
7. Mama
96%
5. Stryjek
33%
6. Stryjenka
12%
Nie znaleziono quizów pasujących do podanych kryteriów
Rozkład punktacji
Procent ludzi z każdym wynikiem
Percentyl według liczby udzielonych odpowiedzi
Twoja historia wyników
Nie rozwiązałeś tego quizu